000 00624nam a2200277Ia 4500
005 20260324140125.0
008 008 260324s9999 xx 000 0 eng d
020 _a9781315241982
037 _aEBOOK
040 _aCRL
040 _beng
040 _cCRL
041 _2eng
041 _aeng
084 _qCRL
100 _aSarah-Jane Prew
_91203218
245 0 _aSurvival for Aircrew
260 _bTaylor and Francis
260 _c1999
365 _a
365 _b225
856 _uhttp://www.taylorfrancis.com/books/9781315241982
942 _cEBOOK
999 _c1804941
_d1804941